Loading...

Consumer behaviour in travel and tourism /

Bibliographic Details
Main Author: Pizam, Abraham,Ed .
Other Authors: Mansfeld, Yoel,Ed .
Format: Printed Book
Published: Mumbai : Jaico publishing house , 2005.
Subjects:
LEADER 00701cam a2200169ua 4500
020 |a 81-7992-284-7 
082 1 4 |a 658.8342  |b CON 
100 1 |a Pizam, Abraham,Ed . 
245 0 0 |a Consumer behaviour in travel and tourism /  
260 |a Mumbai :   |b Jaico publishing house ,   |c 2005. 
300 |a 530p ;  
650 0 |a Consumer behaviour 
700 1 |a Mansfeld, Yoel,Ed . 
942 |c BK 
999 |c 35469  |d 35469 
952 |0 0  |1 0  |4 0  |6 658_834200000000000_CON  |7 0  |9 45467  |a KU  |b KU  |d 2015-07-05  |e KU/Pl.D./UGC/786/05 dtd.18/06/2005  |l 0  |o 658.8342 CON  |p MB02113  |r 2020-12-24  |y BK 
952 |0 0  |1 0  |4 0  |6 658_834200000000000_CON  |7 0  |9 45468  |a KU  |b KU  |d 2015-07-05  |e KU/Pl.D./UGC/786/05 dtd.18/06/2005  |l 0  |o 658.8342 CON  |p MB02720  |r 2020-12-24  |y BK